Las mujeres de la Biblia
Na minha lista:
| Autor principal: | |
|---|---|
| Formato: | Livro |
| Idioma: | espanhol |
| Publicado em: |
Madrid
Rialp
1969
|
| Colecção: | Colección Patmos, Libros de Espiritualidad, 130
|
| Assuntos: | |
| Tags: |
Adicionar Tag
Sem tags, seja o primeiro a adicionar uma tag!
|
MARC
| LEADER | 00000nam a2200000 a 4500 | ||
|---|---|---|---|
| 001 | UCL3931 | ||
| 003 | CL-VaPUC | ||
| 008 | 031219e19690000SP |||||||||||||||||spa|d | ||
| 082 | 0 | 4 | |a 220.92 |b SCH |2 21 |
| 100 | 0 | |a Scherer, Alice |e author |9 481362 | |
| 245 | 1 | 4 | |a Las mujeres de la Biblia |
| 300 | |a 145 p | ||
| 942 | |c BK | ||
| 945 | |d 20031219 00:00:00 |a vberengu | ||
| 260 | |a Madrid |b Rialp |c 1969 | ||
| 650 | 0 | |a Mujeres |9 257649 | |
| 650 | 0 | |a Biblia |9 257603 | |
| 583 | |a last modification |c 20031219 00:00:00 |k Rodrigo Vera | ||
| 490 | 0 | |a Colección Patmos, Libros de Espiritualidad, 130 | |
| 999 | |c 306896 |d 306894 | ||
| 952 | |0 0 |1 2 |4 0 |6 220_920000000000000_SCH_1969 |7 0 |8 A |9 372320 |a BIBTEO |b BIBTEO |d 2019-11-21 |i 2097680 |o 220.92 SCH 1969 |p 2097680 |r 2019-11-21 |w 2019-11-21 |x Descarte 2019 |y BK |k ICR | ||